00450nam a22001577a 4500008004100000020001800041040005500059080001700114245003800131250001300169260003400182300001600216650001800232653001400250700002800264230627b |||||||| |||| 00| 0 eng d a0-12-088589-1 aNational Science LibrarycNational Science Library a523(031)bP7 aEncyclopedia of the solar system  a2nd ed.  aAmsterdam: bElsevier, c2006 axix, 966p.  aSolar system  aUniverse  aMcdden, Lucy-Ann (Ed.)